<?xml version="1.0" encoding="UTF-8"?>
<record
    xmlns:xsi="http://www.w3.org/2001/XMLSchema-instance"
    xsi:schemaLocation="http://www.loc.gov/MARC21/slim http://www.loc.gov/standards/marcxml/schema/MARC21slim.xsd"
    xmlns="http://www.loc.gov/MARC21/slim">

  <leader>01333nam a22003377a 4500</leader>
  <controlfield tag="001">36374</controlfield>
  <controlfield tag="003">Ost</controlfield>
  <controlfield tag="005">20260507154555.0</controlfield>
  <controlfield tag="008">251113s9999||||xx |||||||||||||| ||eng||</controlfield>
  <datafield tag="020" ind1=" " ind2=" ">
    <subfield code="a">9788119141791</subfield>
  </datafield>
  <datafield tag="040" ind1=" " ind2=" ">
    <subfield code="c">nitttr</subfield>
  </datafield>
  <datafield tag="082" ind1=" " ind2=" ">
    <subfield code="a">491.4309</subfield>
    <subfield code="b">DAS-HIN</subfield>
  </datafield>
  <datafield tag="100" ind1=" " ind2=" ">
    <subfield code="a">Das , Shyamsunder - &#x926;&#x93E;&#x938;, &#x936;&#x94D;&#x92F;&#x93E;&#x92E;&#x938;&#x941;&#x902;&#x926;&#x930;</subfield>
  </datafield>
  <datafield tag="245" ind1=" " ind2="0">
    <subfield code="a">Hindi Bhasha Ka Vikas - &#x939;&#x93F;&#x902;&#x926;&#x940; &#x92D;&#x93E;&#x937;&#x93E; &#x915;&#x93E; &#x935;&#x93F;&#x915;&#x93E;&#x938;</subfield>
  </datafield>
  <datafield tag="250" ind1=" " ind2=" ">
    <subfield code="a">1st Ed.</subfield>
  </datafield>
  <datafield tag="260" ind1=" " ind2=" ">
    <subfield code="a">New Delhi, India</subfield>
    <subfield code="b">Ananya Prakashan</subfield>
    <subfield code="c">2024</subfield>
  </datafield>
  <datafield tag="300" ind1=" " ind2=" ">
    <subfield code="a">85 p.</subfield>
  </datafield>
  <datafield tag="650" ind1=" " ind2=" ">
    <subfield code="a"> &#x905;&#x92A;&#x92D;&#x94D;&#x930;&#x902;&#x936; &#x938;&#x947; &#x939;&#x93F;&#x902;&#x926;&#x940;</subfield>
  </datafield>
  <datafield tag="650" ind1=" " ind2=" ">
    <subfield code="a"> &#x906;&#x927;&#x941;&#x928;&#x93F;&#x915; &#x939;&#x93F;&#x902;&#x926;&#x940; &#x915;&#x93E; &#x938;&#x94D;&#x935;&#x930;&#x942;&#x92A;</subfield>
  </datafield>
  <datafield tag="650" ind1=" " ind2=" ">
    <subfield code="a"> &#x92A;&#x94D;&#x930;&#x93E;&#x915;&#x943;&#x924; &#x914;&#x930; &#x938;&#x902;&#x938;&#x94D;&#x915;&#x943;&#x924; &#x915;&#x93E; &#x92A;&#x94D;&#x930;&#x92D;&#x93E;&#x935;</subfield>
  </datafield>
  <datafield tag="650" ind1=" " ind2=" ">
    <subfield code="a"> &#x92D;&#x93E;&#x930;&#x924;&#x940;&#x92F; &#x92D;&#x93E;&#x937;&#x93E;&#x90F;&#x901;</subfield>
  </datafield>
  <datafield tag="650" ind1=" " ind2=" ">
    <subfield code="a"> &#x92D;&#x93E;&#x937;&#x93E; &#x914;&#x930; &#x938;&#x92E;&#x93E;&#x91C;</subfield>
  </datafield>
  <datafield tag="650" ind1=" " ind2=" ">
    <subfield code="a"> &#x92D;&#x93E;&#x937;&#x93E; &#x915;&#x947; &#x935;&#x93F;&#x915;&#x93E;&#x938; &#x915;&#x947; &#x91A;&#x930;&#x923;</subfield>
  </datafield>
  <datafield tag="650" ind1=" " ind2=" ">
    <subfield code="a"> &#x92D;&#x93E;&#x937;&#x93E;&#x908; &#x92A;&#x930;&#x93F;&#x935;&#x930;&#x94D;&#x924;&#x928;</subfield>
  </datafield>
  <datafield tag="650" ind1=" " ind2=" ">
    <subfield code="a"> &#x938;&#x93E;&#x902;&#x938;&#x94D;&#x915;&#x943;&#x924;&#x93F;&#x915; &#x92A;&#x94D;&#x930;&#x92D;&#x93E;&#x935;</subfield>
  </datafield>
  <datafield tag="650" ind1=" " ind2=" ">
    <subfield code="a"> &#x939;&#x93F;&#x902;&#x926;&#x940; &#x915;&#x93E; &#x907;&#x924;&#x93F;&#x939;&#x93E;&#x938;</subfield>
  </datafield>
  <datafield tag="650" ind1=" " ind2=" ">
    <subfield code="a"> &#x939;&#x93F;&#x902;&#x926;&#x940; &#x915;&#x93E; &#x92A;&#x94D;&#x930;&#x938;&#x93E;&#x930;</subfield>
  </datafield>
  <datafield tag="650" ind1=" " ind2=" ">
    <subfield code="a"> &#x939;&#x93F;&#x902;&#x926;&#x940; &#x92D;&#x93E;&#x937;&#x93E;&#x935;&#x93F;&#x91C;&#x94D;&#x91E;&#x93E;&#x928;</subfield>
  </datafield>
  <datafield tag="650" ind1=" " ind2=" ">
    <subfield code="a">&#x939;&#x93F;&#x902;&#x926;&#x940; &#x92D;&#x93E;&#x937;&#x93E; &#x915;&#x93E; &#x935;&#x93F;&#x915;&#x93E;&#x938;</subfield>
  </datafield>
  <datafield tag="942" ind1=" " ind2=" ">
    <subfield code="c">BK</subfield>
  </datafield>
  <datafield tag="999" ind1=" " ind2=" ">
    <subfield code="c">301</subfield>
    <subfield code="d">301</subfield>
  </datafield>
  <datafield tag="952" ind1=" " ind2=" ">
    <subfield code="0">0</subfield>
    <subfield code="1">0</subfield>
    <subfield code="4">0</subfield>
    <subfield code="7">0</subfield>
    <subfield code="a">NITTTR</subfield>
    <subfield code="b">NITTTR</subfield>
    <subfield code="d">2026-05-07</subfield>
    <subfield code="l">0</subfield>
    <subfield code="o">491.4309 DAS-HIN</subfield>
    <subfield code="p">50303</subfield>
    <subfield code="r">2026-05-07 15:45:55</subfield>
    <subfield code="w">2026-05-07</subfield>
    <subfield code="y">BK</subfield>
  </datafield>
</record>
